Bright eyes, brown skin / (Record no. 8403)
[ view plain ]
| 000 -LEADER | |
|---|---|
| fixed length control field | 00945nam a22002897a 4500 |
| 001 - CONTROL NUMBER | |
| control field | 8403 |
| 003 - CONTROL NUMBER IDENTIFIER | |
| control field | FISKH |
| 005 - DATE AND TIME OF LATEST TRANSACTION | |
| control field | 20250910151110.0 |
| 008 - FIXED-LENGTH DATA ELEMENTS--GENERAL INFORMATION | |
| fixed length control field | 250910b cb ||||| |||| 00| 0 eng d |
| 020 ## - INTERNATIONAL STANDARD BOOK NUMBER | |
| International Standard Book Number | 0590454161 |
| 040 ## - CATALOGING SOURCE | |
| Original cataloging agency | FISKH |
| Language of cataloging | eng |
| Transcribing agency | FISKH |
| Modifying agency | FISKH |
| 050 ## - LIBRARY OF CONGRESS CALL NUMBER | |
| Classification number | PZ7.H8656 B |
| 082 ## - DEWEY DECIMAL CLASSIFICATION NUMBER | |
| Classification number | 305 |
| 100 ## - MAIN ENTRY--PERSONAL NAME | |
| Personal name | Hudson, Cheryl Willis |
| 245 ## - TITLE STATEMENT | |
| Title | Bright eyes, brown skin / |
| Statement of responsibility, etc. | By Cheryl Willis Hudson & Bernette G. Ford : Illustrated by George Ford |
| 250 ## - EDITION STATEMENT | |
| Edition statement | First Scholastic printing, February 1992 |
| 260 ## - PUBLICATION, DISTRIBUTION, ETC. | |
| Place of publication, distribution, etc. | New York : |
| Name of publisher, distributor, etc. | Scholastic, |
| Date of publication, distribution, etc. | 1990. |
| 300 ## - PHYSICAL DESCRIPTION | |
| Extent | 28 unnumbered pages : |
| Other physical details | color illustrations ; |
| Dimensions | 20 x 20 cm . |
| 505 ## - FORMATTED CONTENTS NOTE | |
| Formatted contents note | C <br/> |
| 520 ## - SUMMARY, ETC. | |
| Summary, etc. | Four lively youngsters enjoy activities on a typical day at school. |
| 521 8# - TARGET AUDIENCE NOTE | |
| Target audience note | 120 <br/> |
| Source | Lexile estimate <br/> |
| 521 8# - TARGET AUDIENCE NOTE | |
| Target audience note | C <br/> |
| Source | Raz-Plus <br/> |
| 650 ## - SUBJECT ADDED ENTRY--TOPICAL TERM | |
| Topical term or geographic name entry element | Self-esteem |
| Form subdivision | Children's Books |
| 700 ## - ADDED ENTRY--PERSONAL NAME | |
| Personal name | Ford, George |
| Relator term | Illustrator |
| 942 ## - ADDED ENTRY ELEMENTS (KOHA) | |
| Source of classification or shelving scheme | Dewey Decimal Classification |
| Koha item type | Books |
| Suppress in OPAC | No |
| Withdrawn status | Lost status | Source of classification or shelving scheme | Damaged status | Not for loan | Collection | Home library | Current library | Shelving location | Date acquired | Total Checkouts | Full call number | Barcode | Date last seen | Price effective from | Koha item type |
|---|---|---|---|---|---|---|---|---|---|---|---|---|---|---|---|
| Dewey Decimal Classification | Juvenile Fiction | Footprints International School Library Network Toul Tom Poung Campus | Footprints International School Library Network Toul Tom Poung Campus | TTP Primary Green Bookshelves | 09/10/2025 | HUD 305 PZ7.H8656 B | FISTK02353 | 09/10/2025 | 09/10/2025 | Books |
